| 000 | 00765nam a22002177a 4500 | ||
|---|---|---|---|
| 003 | OSt | ||
| 005 | 20230127103853.0 | ||
| 008 | 221006b |||||||| |||| 00| 0 eng d | ||
| 020 | _a958 5979 13 8 | ||
| 040 | _cBiblioteca Lado V | ||
| 082 |
_a708 _bS718j |
||
| 100 |
_eautor _9675 _aSoto, Jesus Rafael |
||
| 245 |
_aJesus Rafael Soto/ _bVisión en Movimiento/ |
||
| 260 |
_bMuseo de Arte Contemporáneo Internacional Rufino Tamayo _aMexico _c2006 |
||
| 300 |
_a64p. _c20x25cm |
||
| 650 |
_2Tesauro de Arte & Arquitectura _aARTE |
||
| 650 |
_2Tesauro de Arte & Arquitectura _aCATALOGO |
||
| 650 |
_2Tesauro de Arte & Arquitectura _aEXHIBICION |
||
| 650 |
_2Tesauro de Arte & Arquitectura _aJESUS RAFAEL SOTO |
||
| 942 |
_2ddc _c1 _h708 _iS718j _n0 |
||
| 999 |
_c2958 _d2958 |
||